| Tag |
First Indicator |
Second Indicator |
Subfields |
| LEADER |
00000cam a22000005i 4500 |
| 001 |
in00003731421 |
| 005 |
20210728130108.0 |
| 006 |
m o d |
| 007 |
cr nn 008mamaa |
| 008 |
160319s2009 xxu| o |||| 0|eng d |
| 020 |
|
|
|a 9780230615564
|9 978-0-230-61556-4
|
| 024 |
7 |
|
|a 10.1007/978-0-230-61556-4
|2 doi
|
| 035 |
|
|
|a (DE-He213)978-0-230-61556-4
|
| 035 |
|
|
|a 5309244
|
| 040 |
|
|
|d UtOrBLW
|
| 043 |
|
|
|a n------
|a n-us---
|
| 072 |
|
7 |
|a HBJK
|2 bicssc
|
| 072 |
|
7 |
|a HIS038000
|2 bisacsh
|
| 082 |
0 |
4 |
|a 900
|2 23
|
| 090 |
|
|
|a E457.8
|b T443 2009
|
| 245 |
0 |
4 |
|a The Best American History Essays on Lincoln /
|c edited by Sean Wilentz.
|
| 264 |
|
1 |
|a New York :
|b Palgrave Macmillan US :
|b Imprint: Palgrave Macmillan,
|c 2009.
|
| 300 |
|
|
|a 1 online resource (XVII, 252 pages)
|
| 336 |
|
|
|a text
|b txt
|2 rdacontent
|
| 337 |
|
|
|a computer
|b c
|2 rdamedia
|
| 338 |
|
|
|a online resource
|b cr
|2 rdacarrier
|
| 347 |
|
|
|a text file
|b PDF
|2 rda
|
| 500 |
|
|
|a Electronic resource.
|
| 520 |
|
|
|a Sean Wilentz gathers illuminating reflections on a beloved president from some of America's greatest historians.
|
| 650 |
1 |
4 |
|a History.
|
| 650 |
2 |
4 |
|a History of the Americas.
|
| 650 |
2 |
4 |
|a Modern History.
|
| 650 |
2 |
4 |
|a US History.
|
| 650 |
|
0 |
|a History, Modern.
|0 http://id.loc.gov/authorities/subjects/sh85061236
|
| 650 |
|
0 |
|a History.
|0 http://id.loc.gov/authorities/subjects/sh85061212
|
| 651 |
|
0 |
|a America
|x History.
|0 http://id.loc.gov/authorities/subjects/sh85004263
|
| 651 |
|
0 |
|a United States
|x History.
|0 http://id.loc.gov/authorities/subjects/sh85140130
|
| 655 |
|
7 |
|a Electronic books.
|2 local
|
| 700 |
1 |
|
|a Wilentz, Sean,
|e editor.
|0 http://id.loc.gov/authorities/names/n83052832
|
| 710 |
2 |
|
|a SpringerLink (Online service)
|0 http://id.loc.gov/authorities/names/no2005046756
|
| 773 |
0 |
|
|t Springer eBooks
|
| 776 |
1 |
8 |
|i Printed edition:
|z 9780230609143
|
| 856 |
4 |
0 |
|u http://proxy.library.tamu.edu/login?url=https://dx.doi.org/10.1007/978-0-230-61556-4
|z Connect to the full text of this electronic book
|t 0
|
| 999 |
f |
f |
|s 4aa7b303-a113-3c9a-8917-790305baf313
|i d344e5df-8307-3b7d-be43-e9bccb2bad5e
|t 0
|
| 952 |
f |
f |
|a Texas A&M University
|b College Station
|c Electronic Resources
|d Available Online
|t 0
|e E457.8 T443 2009
|h Library of Congress classification
|
| 998 |
f |
f |
|a E457.8 T443 2009
|t 0
|l Available Online
|